1940 1949 1010 1954 1795 1007 1176 1163 1003 1471 1854 1959 1107 1514 1175 1429 1612 1353 1257 1887 1189 1788 1234 1993 1126 1863 1645 1057 1343 1421 1228 1633 1226 1462 1294 1535 1243 1849 1273 1717 1303 1380 1401 1701 1010 1262 1971 1078 1883 1681 1890 1660 1539 1612 1349 1212 1908 1602 1030 1051 1424 1279 1208 1592 1898 1267 1488 1920 1435 1839 1860 1438 1643 1075 1342 1714 1440 1160 1349 1740 1024 1033 1934 1539 1485 1153 1427 1112 1632 1744 1314 1740 1449 1402 1653 1045 1148 1189 1032 BCNSPRNW ULIB Ver.6.0+V

เปลี่ยนเป็นภาษาไทย

Change to English
 แสดงรายละเอียดบรรณานุกรม
  กลับหน้าหลัก

Brief Record : Get Marc (ISO 2709) : E-mail record : QR code < ปิดหน้าต่าง
LEADER : 00000nam 2200000uu 4500
001    13399108463
003     ULIB
008    110303s2004||||th 000 0 tha d
020    0781731939
060     WY150^bB987M 2004
100 0  Smeltezer,Suzanne C.
245 00 Medical-surgical nursing /^cSmeltezer,Suzanne C.
250    10th ed.
260    Philadephai :^bLippincott Willams & Wilkins,^c2004
300    2234 pp :^bill.
650  2 Nursing Care
650  2 Surgical Nursing
945    ^p3795^l0^i019581
995    ทศพร
999 ^a ใช้งานได้ทุกระบบ
รายการนี้ยังไม่มีแท็ก
คุณยังไม่ได้ล็อกอิน คุณสามารถมีกิจกรรมร่วมกับเว็บไซต์ได้ แต่ต้องล็อกอินก่อน ::
  ล็อกอิน

รายการสื่อสารสนเทศ

ลำดับที่ ประเภท เลขเรียก/บาร์โค้ด สถานที่ สถานะ
- ไม่พบข้อมูล -

รายการใกล้เคียง
    หัวเรื่อง [Nursing Care]
    หัวเรื่อง [Surgical Nursing]

BibComment


ยังไม่เคยถูกคอมเมนท์

คอมเมนท์ทรัพยากรรายการนี้
  คอมเมนท์: Medicalsurgical n..


 Copyright 2026. Bcnsprnw @Library